| 000 | 00589nam a2200241 a 4500 | ||
|---|---|---|---|
| 001 | nice12345678 | ||
| 003 | IN_TiNIC | ||
| 005 | 20260116011251.0 | ||
| 008 | 050524s1963 lona grp 000 0 eng | ||
| 020 |
_a _c100 |
||
| 082 | 0 | 0 |
_a231 _bHOD |
| 100 | _aHodgson, Leonard | ||
| 245 | _aHow Can God Be Both One and Three? Questions at Issue. | ||
| 260 |
_aLondon _bSPCK _c1963 |
||
| 300 | _a19p | ||
| 500 | _aincludes index and biblioraphy | ||
| 505 | 2 | _aIndex | |
| 650 | _aGod-Biblical Teaching | ||
| 700 | 1 | _aHodgson, Leonard | |
| 902 | _bSRS | ||
| 942 | _cBK | ||
| 999 |
_c16 _d16 |
||